00535nam a2200145Ia 4500008004100000020001500041041000800056082001800064100002000082245018000102250000600282260005000288300001300338650003800351210716s1999 xx 000 0 und d a0735200653 aeng a332.6322 MURJ aMurphy, John J. aStudy guide for technical analysis of the financial markets: comprehensive guide to trading methods and applications.bComprehensive guide to trading methods and applications. a1 aNew YorkbNew York Institute of Financec1999 aviii,150 aTechniques, equipment, forms(751)